LIBRARY & INFORMATION CENTRE, KCAET, TAVANUR

ONLINE PUBLIC ACCESS CATALOGUE (OPAC)

Pavangal : | Vol. 1 (Record no. 18121)

MARC details
000 -LEADER
fixed length control field 00456nam a2200181 4500
003 - CONTROL NUMBER IDENTIFIER
control field OSt
008 - FIXED-LENGTH DATA ELEMENTS--GENERAL INFORMATION
fixed length control field 241005b |||||||| |||| 00| 0 eng d
020 ## - INTERNATIONAL STANDARD BOOK NUMBER
ISBN 9789382808077
041 ## - LANGUAGE CODE
Language code of text/sound track or separate title mal
082 ## - DEWEY DECIMAL CLASSIFICATION NUMBER
Classification number 843
Item number HUG/PA
100 ## - MAIN ENTRY--AUTHOR NAME
Personal name Hugo, Victor
245 ## - TITLE STATEMENT
Title Pavangal :
Remainder of title Vol. 1
260 ## - PUBLICATION, DISTRIBUTION, ETC. (IMPRINT)
Place of publication Thiruvananthapuram :
Name of publisher Chintha Publishers,
Year of publication 2023.
300 ## - PHYSICAL DESCRIPTION
Number of Pages 2 v.
650 ## - SUBJECT ADDED ENTRY--TOPICAL TERM
Topical Term Novel
700 ## - ADDED ENTRY--PERSONAL NAME
Personal name Sarathchandran - translator.
942 ## - ADDED ENTRY ELEMENTS (KOHA)
Koha item type Books
Holdings
Withdrawn status Lost status Damaged status Home library Current library Date acquired Source of acquisition Full call number Accession Number Koha item type
      KAUAET KAUAET 05/10/2024 Donated by KT Jaleel MLA 843 HUG/PA 26273 Books
free website counter